| 000 | 01201nam a2200217Ia 4500 | ||
|---|---|---|---|
| 999 |
_c48205 _d48205 |
||
| 001 | 15087 | ||
| 003 | GE_BSU | ||
| 005 | 20250825162255.0 | ||
| 008 | 181216s2007||||ge |||||||||||||| ||geo|| | ||
| 020 | _a978994069101 | ||
| 040 | _cGE_BSU | ||
| 041 | _ageo | ||
| 080 | _a314.5/6(479.22) ს-92 | ||
| 100 |
_aსულაბერიძე, ავთანდილ _923954 |
||
| 245 |
_aფიქრები ქართულ ოჯახსა და დემოგრაფიაზე : _bქართული ოჯახი, დემოგრაფია / _cავთანდილ სულაბერიძე ; [რედ. : გიორგი წულაძე, რომან ხარბედია] ; საქ. განათლ. და მეცნ. სამინ. დემოგრაფიისა და სოციოლოგიის ინ-ტი. |
||
| 264 |
_aთბილისი : _b?, _c2007. |
||
| 300 |
_a470 გვ. ; _c20 სმ. |
||
| 653 | _aფიქრები ქართულ ოჯახსა და დემოგრაფიაზე | ||
| 653 | _aქართული ოჯახი, დემოგრაფია | ||
| 942 |
_cBK _2udc |
||